000 00781nab a2200241u 4500
001 08993
003 HDC
007 c| |||a|c|aaaa
008 210131b20141008my ||||| |||| 00| 0 eng d
040 _aHDC
100 _aBilqish Bahari /
_eauthor
_99415
245 0 _aEnabling Bumi firms' expansion /
_cBilqish Bahari
336 _atext
_2rdacontent
337 _acomputer
_2rdamedia
338 _aonline resource
_2rdacarrier
650 _aSmall and medium enterprises (SME)
_97657
650 _aTERAJU
_98153
710 _aNew Straits Times
856 _zRequest full-text at [email protected]
942 _2lcc
942 _cNEWS
942 _kNWSC 001562
999 _c6316
_d6316